000 00851cab a2200217 4500
001 X3342
008 090401t1996 xxu||||| |||| 00| 0 eng d
035 _a(Sirsi) u29863
041 _aeng
245 _aMax Factor Ltd v Wesleyan Assurance Society
260 _c1996
350 _a0
490 _aNew Property Cases
_v[1996] NPC 70, (2)
520 _aCA 3 May 1996. A determination clause in a lease is construed so that it is only available for use by the original tenant for so long as it had not assigned. It could not recover its rights by accepting a re-assignment. (taken from case heading) NOTE: NO PHOTOCOPYING ALLOWED.
650 _aDETERMINATION OF LEASE
650 _aLEASES
650 _aMAX FACTOR V WESLEYAN ASSURANCE SOCIETY
690 _aLANDLORD AND TENANT-CASE LAW-BUSINESS TENANCIES
942 _n0
948 _c04/03/1997
999 _c20092
_d20092